| 000 | 00000nam 22000008a 4500 |
| 001 | 9.834744 |
| 003 | CaOODSP |
| 005 | 20221107150514 |
| 007 | cr ||||||||||| |
| 008 | 170404s2017 quc o f00| 0 fre d |
| 020 | |a978-0-660-08190-8 |
| 040 | |aCaOODSP|bfre |
| 043 | |an-cn--- |
| 086 | 1 |aCW66-550/2017F-PDF |
| 245 | 00|aCréer un habitat ciblé pour la faune dans la région dans la région du Grand Toronto |h[ressource électronique]. |
| 260 | |a[Gatineau, Québec] : |bEnvironnement et Changement climatique Canada, |c[2017]. |
| 300 | |a[1] p. |
| 500 | |aPubl. aussi en anglais sous le titre : Creating targeted habitat for wildlife in the Greater Toronto Area. |
| 500 | |aTitre de départ. |
| 500 | |a« Programme d'intendance de l'habitat - Volet sur la prévention. » |
| 692 | 07|2gccst|aFaune |
| 692 | 07|2gccst|aHabitat |
| 710 | 2 |aService canadien de la faune. |
| 775 | 08|tCreating targeted habitat for wildlife in the Greater Toronto Area |w(CaOODSP)9.834743 |
| 856 | 40|qPDF|s342 Ko|uhttps://publications.gc.ca/collections/collection_2017/eccc/CW66-550-2017-fra.pdf |